000 00304nam a22001337a 4500
008 170904b xxu||||| |||| 00| 0 eng d
020 _a9780312562236
041 _aeng
080 _a070
100 _a40
101 _aMED
245 _aWRITING AND COMMUNITY ENGAGEMENT
_cDEANS.TH
942 _2udc
_cBK
999 _c26000
_d26000